|
|
|
|
| LEADER |
00792nam a2200217 a 4500 |
| 001 |
GR-MES1897 |
| 008 |
991111s enk 000 b eng d |
| 020 |
|
|
|a 0851987400
|
| 040 |
|
|
|a GrPaTEI
|b gre
|c GR-PaULI
|
| 245 |
0 |
0 |
|a Principles of diagnostic techniques in plant pathology.
|
| 260 |
|
|
|a London :
|b CAB,
|c c1993
|
| 300 |
|
|
|a 213σελ. :
|b εικ.,σχημ.
|
| 650 |
|
4 |
|a Ασθένειες
|
| 650 |
|
4 |
|a Παθολογία
|
| 650 |
|
4 |
|a Φυτά
|x Καλλιέργεια
|
| 700 |
1 |
|
|a Fox, R.
|
| 710 |
0 |
|
|a хCABи
|
| 942 |
|
|
|2 ddc
|
| 952 |
|
|
|0 0
|1 0
|2 ddc
|4 0
|6 581_200000000000000_FOX
|7 0
|9 266190
|a MSLG
|b MSLG
|c BSC
|d 2021-01-17
|e 24
|f 0
|g 0.00
|l 0
|o 581.2 FOX
|p 2420000013662
|r 2021-01-17 00:00:00
|t 1
|w 2021-01-17
|y BK15
|x 19991111 0 1
|x GrPaTEI
|
| 971 |
|
|
|a .b2572941x
|b 15-04-20
|c 13-09-16
|
| 999 |
|
|
|c 153083
|d 153083
|